000 00574nam a2200121Ia 4500
008 220620s9999||||xx |||||||||||||| ||und||
245 4 _aThe Subject(s) of Human Rights
_bCrises, Violations, and Asian/American Critique
546 _aEnglish[eng]
650 _aSociology
700 _aSchlund-Vials, Cathy||Beauregard, Guy||Lee, Hsiu-chuan
856 _uhttps://library.oapen.org/bitstream/20.500.12657/24370/1/1005744.pdf||https://library.oapen.org/bitstream/20.500.12657/24370/1/1005744.pdf||https://library.oapen.org/bitstream/20.500.12657/24370/1/1005744.pdf
942 _cEB
999 _c25653
_d25653